Institutional approach to project analysis in developing countries (Record no. 349334)

000 -LEADER
fixed length control field 00435cam a22001337a 4500
008 - FIXED-LENGTH DATA ELEMENTS--GENERAL INFORMATION
fixed length control field 180718b1981 xxu||||| |||| 00| 0 eng d
082 ## - DEWEY DECIMAL CLASSIFICATION NUMBER
Classification number I5 M942
100 ## - MAIN ENTRY--PERSONAL NAME
Personal name Murelius, Olof
245 ## - TITLE STATEMENT
Title Institutional approach to project analysis in developing countries
Statement of responsibility, etc. by Olof Murelius
260 ## - PUBLICATION, DISTRIBUTION, ETC.
Place of publication, distribution, etc. Delhi
Name of publisher, distributor, etc. Oxford & IBH
Date of publication, distribution, etc. 1981
300 ## - PHYSICAL DESCRIPTION
Extent 106p.
500 ## - GENERAL NOTE
General note OECD Development Centre Studies
650 ## - SUBJECT ADDED ENTRY--TOPICAL TERM
Topical term or geographic name entry element Project management - Underdeveloped areas
Holdings
Withdrawn status Lost status Damaged status Not for loan Permanent Location Current Location Date acquired Full call number Barcode Date last seen Price effective from Koha item type
        Indian Institute of Public Administration Indian Institute of Public Administration 1993-10-29 I5 M942 58390 2018-07-21 2018-07-21 Book

Powered by Koha